Planning small and mid-sized towns : (Record no. 95954)
[ view plain ]
| 000 -LEADER | |
|---|---|
| fixed length control field | 00756cam a2200229 i 4500 |
| 001 - CONTROL NUMBER | |
| control field | 17959597 |
| 005 - DATE AND TIME OF LATEST TRANSACTION | |
| control field | 20170731104744.0 |
| 008 - FIXED-LENGTH DATA ELEMENTS--GENERAL INFORMATION | |
| fixed length control field | 131202s2014 nyua b 001 0 eng |
| 020 ## - INTERNATIONAL STANDARD BOOK NUMBER | |
| International Standard Book Number | 9780415539289 (hardcover : alk. paper) |
| 020 ## - INTERNATIONAL STANDARD BOOK NUMBER | |
| International Standard Book Number | 9780415539302 (pbk. : alk. paper) |
| 040 ## - CATALOGING SOURCE | |
| Transcribing agency | PK-LaUMT |
| 082 00 - DEWEY DECIMAL CLASSIFICATION NUMBER | |
| Classification number | 711.4 |
| Edition number | 23 |
| Item number | FRI-P |
| 100 1# - MAIN ENTRY--PERSONAL NAME | |
| Personal name | Friedman, Avi |
| 245 10 - TITLE STATEMENT | |
| Title | Planning small and mid-sized towns : |
| Remainder of title | designing and retrofitting for sustainability / |
| Statement of responsibility, etc | Avi Friedman |
| 260 ## - PUBLICATION, DISTRIBUTION, ETC. (IMPRINT) | |
| Place of publication, distribution, etc | New York : |
| Name of publisher, distributor, etc | Routledge, |
| Date of publication, distribution, etc | 2014 |
| 300 ## - PHYSICAL DESCRIPTION | |
| Extent | ix, 225 p.: |
| Other physical details | illustrations ; |
| Dimensions | 26 cm |
| 650 #0 - SUBJECT ADDED ENTRY--TOPICAL TERM | |
| Topical term or geographic name as entry element | Sustainable urban development. |
| 650 #0 - SUBJECT ADDED ENTRY--TOPICAL TERM | |
| Topical term or geographic name as entry element | Small cities |
| General subdivision | Planning. |
| 650 #0 - SUBJECT ADDED ENTRY--TOPICAL TERM | |
| Topical term or geographic name as entry element | City planning |
| General subdivision | Environmental aspects. |
| 650 #0 - SUBJECT ADDED ENTRY--TOPICAL TERM | |
| Topical term or geographic name as entry element | Sustainability. |
| 942 ## - ADDED ENTRY ELEMENTS (KOHA) | |
| Koha item type | Books |
| Withdrawn status | Lost status | Damaged status | Home library | Current library | Date acquired | Full call number | Barcode | Date last seen | Price effective from | Koha item type |
|---|---|---|---|---|---|---|---|---|---|---|
| UMT Main Campus | UMT Main Campus | 2017-07-31 | 711.4 FRI-P | 111572 | 2023-12-22 | 2017-07-31 | Books |
